Carice van Houten Filmography - Statistics

General Stats
  • This quiz has been taken 4 times
    2 since last reset
  • The average score is 2 of 67
Answer Stats
Type Year Name % Correct
TV Show 2012-2019 Game of Thrones
100%
Film 2008 Valkyrie
50%
Short Film 1997 3 ronden
0%
Film TBA A Family
0%
Film 2001 AmnesiA
0%
Film 2006 A Thousand Kisses
0%
Film 2006 Black Book
0%
Film 2011 Black Butterflies
0%
Film 2010 Black Death
0%
TV Short 2005 Boy Meets Girl Stories #1: Smachten
0%
Film 2016 Brimstone
0%
Podcast 2023-2024 Carice & Halina
0%
TV Documentary 2010 Carice van Houten in Caribisch Nederland
0%
TV Documentary 2009 Carice van Houten oog in oog met de Berggorilla's
0%
Music Video 2012 Cut the World
0%
TV Show 2022 Dangerous Liaisons
0%
TV Show 2001 De acteurs
0%
Film 2010 De gelukkige huisvrouw
0%
Theater 2008 De Gravin van Parma
0%
Film 2003 De passievrucht
0%
Film 2019 Domino
0%
Film 2008 Dorothy Mills
0%
TV Show 2025 Dream Requiem
0%
Theater 2006 Driekoningenavond
0%
Commercial 2009 ECI.NL / WEHKAMP.NL
0%
Film 2012 Family Way
0%
Film 2009 From Time to Time
0%
TV Film 2009 Gewoon Hans
0%
TV Pilot 2000 Goede daden bij daglicht: Op weg
0%
Short Film 2002 Het everzwijn
0%
TV Show 1997 Het Labyrint
0%
Documentary 2015 Holland: Natuur in de Delta
0%
Film 2016 Incarnate
0%
Film 2019 Instinct
0%
TV Show 2010 In therapie
0%
Film 2011 Intruders
0%
Film 1998 Ivoren wachters
0%
Film 2012 Jackie
0%
Film 2005 Knetter
0%
Film 2009 Komt een vrouw bij de dokter
0%
TV Show 2006 Koppensnellers
0%
TV Show 2004 Kopspijkers
0%
Film 2005 Lepel
0%
Film 2020 Lost Girls and Love Hotels
0%
Film 2007 Love Is All
0%
TV Show 2002 Luifel & Luifel
0%
Web Series TBA Malice
0%
Film 2001 Miss Minoes
0%
Commercial 2008-2009 National Geographic
0%
Film TBA Poor Boy
0%
Short Film 2024 Quota
0%
Film 2016 Race
0%
TV Show 2020-2021 Red Light
0%
Film 2006 Ren Lenny ren
0%
Film 2010 Repo Men
0%
TV Show 2016 Robot Chicken
0%
TV Show 2004 Russen
0%
Commercial 2009 Stitching Aap
0%
Film 2001 Storm in mijn hoofd
0%
TV Film 1999 Suzy Q
0%
TV Show 2019-2021 Temple
0%
Film 2019 The Affair
0%
Film 2013 The Fifth Estate
0%
TV Show 2015 The Simpsons
0%
Short Film 2011 U & Eye
0%
TV Mini-Series 2014 Welkom bij de Romeinen
0%
Film 2005 Zwarte zwanen
0%
No matching quizzes found
Score Distribution
Percent of People with Each Score
Percentile by Number Answered
Your Score History
You have not taken this quiz since the last reset